000 00583nam a2200241Ia 4500
003 OSt
005 20221005122320.0
006 a|||||r|||| 00| 0
007 ta
008 221004b |||||||| |||| 00| 0 ben d
024 _a15387
037 _cTextual
040 _aCRL
_cCRL
_bben
041 _2ben
_aben
082 _aO157,3N392x, N4
100 _aBasu Bani
245 0 _aJakhan Chand Ebong
260 _c1994
300 _a159P.
_ccm.
650 _aBENGALI LITERATURE
942 _hO157,3N392x, N4
_cTEXL
_2cc
999 _c1043911
_d1043911